000
00206nam a2200085Ia 4500
008
170617s9999 xx 000 0 und d
100
_a
Bothara- K.G
245
0
_a
Organic Pharmaceutical Chaemistry
260
_b
Nirali Pub
260
_c
2008
999
_c
15233
_d
15233